Consultation on new EU Capital Adequacy Directive (Record no. 73924)

MARC details
000 -LEADER
fixed length control field 01223cam a2200253 4500
001 - CONTROL NUMBER
control field WB3946-16
008 - FIXED-LENGTH DATA ELEMENTS--GENERAL INFORMATION
fixed length control field 031204n2003 000 0 eng u
035 ## - SYSTEM CONTROL NUMBER
System control number (Sirsi) u124563
245 ## - TITLE STATEMENT
Title Consultation on new EU Capital Adequacy Directive
260 ## - PUBLICATION, DISTRIBUTION, ETC.
Date of publication, distribution, etc. 2003
490 ## - SERIES STATEMENT
Series statement HM Treasury Press Release
Volume/sequential designation (126/03) 3 December 2003 (2)
520 ## - SUMMARY, ETC.
Summary, etc. A consultation document on the European Commission's draft proposals for a new Capital Adequacy Directive (CAD3) which will convert the proposed new Basel Accord into European law, has been issued by the Treasury. CAD3 is expected to extend the remit of the new Basel regime to all credit institutions and investment firms, while accounting for issues specific to the EU, which were outside the scope of the Basel Review. The consultation document can be found on the Treasury web site at http://www.hm-treasury.gov.uk.
590 ## - LOCAL NOTE (RLIN)
Local note WB
650 ## - SUBJECT ADDED ENTRY--TOPICAL TERM
Topical term or geographic name entry element CAPITAL ADEQUACY DIRECTIVE
650 ## - SUBJECT ADDED ENTRY--TOPICAL TERM
Topical term or geographic name entry element BASEL ACCORD
650 ## - SUBJECT ADDED ENTRY--TOPICAL TERM
Topical term or geographic name entry element CONSULTATION PROCESS
650 ## - SUBJECT ADDED ENTRY--TOPICAL TERM
Topical term or geographic name entry element REGULATIONS
650 ## - SUBJECT ADDED ENTRY--TOPICAL TERM
Topical term or geographic name entry element INVESTMENT COMPANIES
650 ## - SUBJECT ADDED ENTRY--TOPICAL TERM
Topical term or geographic name entry element CREDIT INSTITUTIONS
650 ## - SUBJECT ADDED ENTRY--TOPICAL TERM
Topical term or geographic name entry element BANK VALUATIONS
650 ## - SUBJECT ADDED ENTRY--TOPICAL TERM
Topical term or geographic name entry element EUROPEAN LAW
690 ## - LOCAL SUBJECT ADDED ENTRY--TOPICAL TERM (OCLC, RLIN)
Topical term or geographic name as entry element PROPERTY-PROPERTY APPRAISAL AND VALUATION
942 ## - ADDED ENTRY ELEMENTS (KOHA)
Suppress in OPAC 0
Holdings
Withdrawn status Lost status Source of classification or shelving scheme Damaged status Not for loan Home library Current library Shelving location Date acquired Total Checkouts Full call number Barcode Date last seen Copy number Price effective from Koha item type
    Dewey Decimal Classification     London London News article 04/12/2003   WB3946-16 124563-1001 06/08/2019 1 06/08/2019 News article